Music Quiz

Random Music or Missing Word Quiz

Quick Pick: Ed Sheeran Songs Quiz Stats

 Plays Quiz not verified by Sporcle

Score 0/14 Timer 01:30
0 Plays Today
% Correct
Loud
94.5%
Castle
94%
Shape
93.3%
Need
90.6%
Around
90.5%
Mess
89.1%
Team
88.9%
% Correct
Galway
88.9%
Lego
81.9%
Supermarket
80.7%
Grade
79.9%
Small
79.5%
Tenerife
73.4%
Afire
54.4%

You're not logged in!

Compare scores with friends on all Sporcle quizzes.
OR
Log In

You Might Also Like...

Show Comments

Extras

Top Quizzes Today


Score Distribution

Your Account Isn't Verified!

In order to create a playlist on Sporcle, you need to verify the email address you used during registration. Go to your Sporcle Settings to finish the process.

Report this User

Report this user for behavior that violates our Community Guidelines.

Details: